My 10 favourite French politicians (October 2025) - Statistics

General Stats
  • This quiz has been taken 23 times
  • The average score is 5 of 10
Answer Stats
Picture Hint Answer % Correct
Sixth (NEW) Manuel Valls
95%
Fourth (NEW) Dominique de Villepin
86%
Fifth (NEW) Sébastien Lecornu
86%
First (+1) Olivier Faure
82%
Second (NEW) Éric Dupond-Moretti
73%
Tenth (-6) Jérôme Guedj
41%
Eighth (=) Clément Beaune
14%
Nineth (NEW) Delphine Batho
14%
Seventh (-1) Benoît Biteau
5%
Third (-2) Iñaki Echaniz
5%
No matching quizzes found
Score Distribution
Percent of People with Each Score
Percentile by Number Answered
Your Score History
You have not taken this quiz